000
00373nam a2200169Ia 4500
003
0STCL
008
150530s9999 xx 000 0 und d
040
_a
STCL
_c
STCL
100
_a
Coasins, J.H.
245
_a
New ways in english literature
250
_a
Second
260
_c
1919
546
_a
English
942
_2
ddc
_c
BK
999
_c
51496
_d
51496
005
20220125170842.0